00450nam a22001217a 4500008004100000020001500041050003200056245010400088250001200192260004800204300001700252650005900269220916b |||||||| |||| 00| 0 eng d a0830824564 aRef BS2555.2b.D53 2013 C.1 aDictionary of Jesus and the gospels/ cEdited by Joel B. Green, Jeannine K. Brown & Nicholas Perrin a2nd ed. a Downers Gove, IllinoisbIVP Academicc2013 axxxi, 1088p. aBible vGospel DictionariesxCriticism, interpretation